Statistiche per Paesi nominati nella pagina Wikipedia dell'Iran

Clicka qui per fare il quiz!

Statistiche generali

  • Questo quiz è stato fatto 6 volte
  • Il punteggio medio è 21 su 28

Statistiche sulle risposte

Volte in cui viene nominatoIndizio (basato sul motivo per cui lo stato è nominato nella pagina Wikipedia)Paese% Corretto
7Paese che fu conquistato dall'impero persiano safavideAfghanistan
100%
1Principale potenza regionale avversaria dell'IranArabia Saudita
100%
2Paese che sostenne l'Iraq nella guerra contro l'Iran (1980-88)Cina
100%
4Paese confinanteIraq
100%
8Paese che sostenne il golpe dello Scià nel 1953Regno Unito
100%
17Paese che sostenne il golpe dello Scià nel 1953Stati Uniti
100%
5Paese confinanteTurchia
100%
5Paese in cui visse in esilio l'Ayatollah KomehiniFrancia
83%
2Quella iraniana è la seconda industria cinematografica dell'Asia, prima è quella di questo paeseIndia
83%
2Paese col quale la Persia aveva buoni rapporti, ma con cui oggi l'Iran ha rapporti tesissimiIsraele
83%
1Paese che fu conquistato dall'impero persiano safavideKuwait
83%
3Paese confinantePakistan
83%
5All'epoca dell'imperialismo, la Persia fu nelle mire di questo paeseRussia
83%
2Paese che fu conquistato dall'impero persiano safavideSiria
83%
3Paese confinanteTurkmenistan
83%
3Paese confinanteArmenia
67%
2Paese che fu conquistato dall'impero persiano safavideGeorgia
67%
4Nel periodo interbellico, questo paese fu il principale acquirente di petrolio persianoGermania
67%
1Importante partner commerciale dell'IranItalia
67%
2L'Iran fornì aiuto militare a questo paese nel 1975Oman
67%
1La superficie dell'Iran è grande oltre tre volte quella di questo vasto paese europeoSpagna
67%
1Paese che fu conquistato dall'impero persiano safavideTagikistan
67%
7Paese confinanteAzerbaigian
50%
1Paese che sostenne l'Iraq nella guerra contro l'Iran (1980-88)Brasile
50%
3Paese che fu conquistato dall'impero persiano achemenideEgitto
50%
1Paese che nell'età antica ha avuto importanti scambi culturali con la PersiaGrecia
50%
1Paese che sostenne l'Iran nella guerra contro l'Iraq (1980-88)Corea del Nord
33%
1Paese che sostenne l'Iran nella guerra contro l'Iraq (1980-88)Libia
33%

Distribuzione punteggi

Percentile per numero di risposta

Percentuale di utenti per punteggio

I tuoi punteggi nel tempo

Non hai fatto questo quiz